| 000 | 00702nam a2200229 i 4500 | ||
|---|---|---|---|
| 001 | 141664 | ||
| 003 | ES-MaACL | ||
| 005 | 20251013212910.0 | ||
| 007 | t| | ||
| 008 | 070926s1946 ag ||||1| spa d | ||
| 100 | 1 |
_aVossler, Karl. _9115749 |
|
| 245 | 1 | 0 |
_aJean Racine / _cCarlos Vossler ; [versión del alemán por Felipe González Vicén]. |
| 250 | _a[1ª ed.]. | ||
| 260 |
_a[Buenos Aires] : _bEspasa-Calpe, _c[1946] |
||
| 300 |
_a151 p. ; _c18 cm. |
||
| 490 | 1 | _aColección austral | |
| 600 | 1 | 4 |
_aRacine, Jean, _d1639-1699 _994887 |
| 700 | 1 |
_aGonzález Vicen, Felipe. _959017 |
|
| 830 | 0 |
_aColección austral _9177655 |
|
| 852 |
_aES-MaACL _jC-4676 _bR.25197 |
||
| 999 |
_c141664 _d141664 |
||